| 000 | 00817nam a2200229 a 4500 | ||
|---|---|---|---|
| 001 | 48373 | ||
| 003 | BD-RjUL | ||
| 005 | 20211209054518.0 | ||
| 008 | 160813s1976 bg ||||| |||| 00| 0 ben d | ||
| 020 | _c: Tk. 14.00 | ||
| 035 | _a(BD-RjUL)48492 | ||
| 040 |
_aBD-RjUL _bben _cBD-RjUL |
||
| 041 | _aben | ||
| 082 |
_223 _a891.44109 _bMAK 1976 |
||
| 100 | 1 |
_aমাহফুজউল্লাহ মোহাম্মদ _9146388 |
|
| 245 | 1 | 0 | _aকবিতা ও প্রসঙ্গ কথা / |
| 260 |
_aঢাকা : _bমুক্তধারা, _c১৯৭৬ |
||
| 300 |
_a১৭৬ পৃ. ; _c২২ সেমি. |
||
| 650 |
_aবাংলা কবিতা _vইতিহাস ও সমালোচনা _9117724 |
||
| 650 |
_a Bengali poetry _vHistory and Criticism _9117725 |
||
| 942 |
_2ddc _cBK |
||
| 999 |
_c48373 _d48373 |
||